Riziká rastu cien po zavedení eura
Zásady zavedenia eura. Riziká rastu cien. Prevedenie nákladov na spotrebiteľa. Protiinflačné faktory - vyššia konkurencia a duálne oceňovanie.
Gespeichert in:
| 1. Verfasser: | |
|---|---|
| Format: | Buchkapitel |
| Sprache: | Slowakisch |
| Schlagworte: | |
| Tags: |
Keine Tags, Fügen Sie das erste Tag hinzu!
|
MARC
| LEADER | 00000naa$a2200000$$$4500 | ||
|---|---|---|---|
| 001 | 0029780 | ||
| 005 | 20231004130302.5 | ||
| 041 | 0 | |a slo | |
| 044 | |a SK | ||
| 245 | 1 | 0 | |a Riziká rastu cien po zavedení eura |c Radko Kuruc |
| 520 | |a Zásady zavedenia eura. Riziká rastu cien. Prevedenie nákladov na spotrebiteľa. Protiinflačné faktory - vyššia konkurencia a duálne oceňovanie. | ||
| 610 | 2 | 0 | |a politika menová |
| 610 | 2 | 0 | |a euromena |
| 610 | 2 | 0 | |a euro |
| 610 | 2 | 0 | |a konvertibilita |
| 610 | 2 | 0 | |a ceny |
| 610 | 2 | 0 | |a oceňovanie |
| 610 | 2 | 0 | |a inflácia |
| 610 | 2 | 0 | |a konkurencia |
| 610 | 2 | 0 | |a náklady |
| 610 | 2 | 0 | |a podnikatelia |
| 610 | 2 | 0 | |a spotrebitelia |
| 100 | 1 | |a Kuruc, Radko | |